000 00715nam a2200169 i 4500
001 189342
003 ES-MaACL
005 20251115063324.0
008 190524s1879 sp |||| | spa d
100 1 _aOriol, Román,
_d1847-1898
_987263
245 1 3 _aEl puerto del Musel es el verdadero puerto de Asturias /
_cpor Román Oriol.
260 _aOviedo :
_b[s.n.],
_c1879 (
_fImp. Eduardo Uría)
300 _a45 p. ;
_c21 cm.
651 4 _aPuerto de Gijón.
_9167117
852 _aES-MaACL
_jB-8926(17)
_z.- Legado de Federico de Botella y de Hornos
_z.- Encuadernado en un vol. facticio agrupado con el nombre en el lomo: España, geología, memorias y documentos varios 20 al 40
999 _c189342
_d189342